España en César Vallejo
Guardat en:
| Autors principals: | , |
|---|---|
| Format: | Llibre |
| Idioma: | espanyol |
| Publicat: |
Madrid
Fundamentos
1984
|
| Matèries: | |
| Etiquetes: |
Afegir etiqueta
Sense etiquetes, Sigues el primer a etiquetar aquest registre!
|
MARC
| LEADER | 00000nam a2200000 a 4500 | ||
|---|---|---|---|
| 001 | UCQ6910 | ||
| 003 | CL-VaPUC | ||
| 008 | 981023e19840000SP |||||||||||||||||spa|d | ||
| 082 | 0 | 4 | |a Pe861.09 |b VEL |2 21 |
| 100 | 0 | |a Vélez, Julio |e author |9 420836 | |
| 700 | 0 | |a Merino, Antonio |e author |9 420837 | |
| 245 | 1 | 0 | |a España en César Vallejo |
| 300 | |a v | ||
| 942 | |c BK | ||
| 945 | |d 19981023 00:00:00 |a crobeson | ||
| 260 | |a Madrid |b Fundamentos |c 1984 | ||
| 500 | |a v.1: Poesía | ||
| 600 | 0 | |a Vallejo, César |9 269109 | |
| 650 | 0 | |a Poesía peruana |9 265071 | |
| 650 | 0 | |a Literatura peruana |9 257452 | |
| 650 | 0 | |a Crítica e interpretación |9 255042 | |
| 583 | |a last modification |c 19981023 00:00:00 |k Rodrigo Vera | ||
| 999 | |c 276807 |d 276805 | ||
| 952 | |0 0 |1 0 |4 0 |6 PE_861_090000000000000_VEL_1984 |7 0 |8 A |9 314287 |a BIBEDU |b BIBEDU |d 2019-11-20 |h v.1 |i 1486225 |l 2 |o Pe861.09 VEL 1984 |p 1486225 |r 2022-10-28 |s 2022-10-28 |w 2019-11-20 |y BK |k LIT | ||
| 952 | |0 0 |1 0 |4 0 |6 PE_861_090000000000000_VEL_1984 |7 0 |8 A |9 314288 |a BIBART |b BIBART |d 2019-11-20 |h v.1 |i 1206931 |o Pe861.09 VEL 1984 |p 1206931 |r 2025-03-13 |w 2019-11-20 |y BK |k ART | ||